| 000 | 00379nam a22001457a 4500 | ||
|---|---|---|---|
| 003 | MACL | ||
| 005 | 20170326125858.0 | ||
| 008 | 170326b xxu||||| |||| 00| 0 eng d | ||
| 040 | _cMACL | ||
| 100 |
_aJain R. K. _966854 |
||
| 245 | _aMechanical Engineering for Competitions | ||
| 260 |
_aNew Delhi _bKhanna Publishers _c2015 |
||
| 650 |
_aEngineering _966855 |
||
| 942 |
_2ddc _cBK |
||
| 999 |
_c56136 _d56136 |
||